000 00223nam a2200097Ia 4500
008 190216s9999||||xx |||||||||||||| ||und||
100 _aManohara Das Chakravarthy
245 0 _aGuldar Ka Sikkar
260 _bNull
942 _cBK
999 _c15317
_d15317